| 000 | 00610nam a2200205 a 4500 | ||
|---|---|---|---|
| 001 | 000021230 | ||
| 005 | 20200930011252.0 | ||
| 008 | 100902s1969 sp r 000 | spa d | ||
| 040 |
_aDO-SdBNP _bspa _cBNPHU |
||
| 082 |
_a863.64 _bS227u |
||
| 100 | 1 |
_aSanjuán, José María _d1937- _944373 |
|
| 245 | 1 | 0 |
_aUn puñado de manzanas verdes / _cJosé María Sanjuán. |
| 260 |
_aBarcelona : _bDestino, _c1969. |
||
| 300 |
_a115 p. ; _c18 cm. |
||
| 490 | 1 |
_aÁncora y Delfín _v323 |
|
| 650 | 4 |
_aNovela española _91123 |
|
| 650 | 4 |
_aLiteratura española _9632 |
|
| 830 | 0 |
_aÁncora y Delfín _95000 |
|
| 049 | _aBNGR | ||
| 999 |
_c20731 _d20731 |
||